[Event "51st Groningen Open A 2013"]
[Site "Groningen NED"]
[Date "2013.12.22"]
[Round "2.49"]
[White "Vereggen, Lars"]
[Black "Hummel, Joop"]
[Result "1/2-1/2"]
[WhiteElo "2147"]
[BlackElo "2006"]
[WhiteFideId "1029258"]
[BlackFideId "1012126"]
[EventDate "2013.12.21"]

1. d4 d5 2. c4 e6 3. Nf3 c6 4. Nc3 dxc4 5. a4 Bb4 6. e3 b5 7. Bd2 a5 8. axb5
Bxc3 9. Bxc3 cxb5 10. b3 Bb7 11. bxc4 b4 12. Bb2 Nf6 13. Bd3 Nbd7 14. O-O O-O
15. Qc2 Qc7 16. Ne5 Nxe5 17. dxe5 Ng4 18. Bxh7+ Kh8 19. h3 Qc6 20. f3 Nxe3 21.
Qf2 Kxh7 22. Qxe3 Qxc4 23. Rfc1 Qh4 24. Rc7 Bd5 25. Bd4 Kg8 26. Bc5 Rfe8 27. Kh2
b3 28. Ba3 Rec8 29. Rac1 Rxc7 30. Rxc7 Qa4 31. Qc1 Qd4 32. Bb2 Qf2 33. Qf4 Rf8
34. Bd4 Qe2 35. Bc5 Qc2 36. Bxf8 Qxc7 37. Ba3 Qc3 38. Qg5 f6 39. exf6 Qxf6 40.
Qd2 Qe5+ 41. f4 Qe4 42. Kg3 Kh7 43. Bb2 a4 44. Kh2 Kg6 45. Qf2 Kf5 46. g4+ Kg6
47. Kg3 Kh7 48. Kh4 Qb4 49. Qa7 Bb7 50. Qb8 a3 51. Bxa3 Qxa3 52. Qxb7 b2 53.
Qe4+ Kh8 54. Qg6 Qe7+ 55. g5 e5 56. Qb6 exf4 57. Qxb2 Qe4 58. Qf2 Qf5 59. Qf3
Kg8 60. Qa8+ Kh7 61. Qf3 Kg8 62. Qa8+ Kf7 63. Qb7+ 1/2-1/2

[Event "51st Groningen Open A 2013"]
[Site "Groningen NED"]
[Date "2013.12.22"]
[Round "2.50"]
[White "Hummel, Paul"]
[Black "Chernukhin, Alexander"]
[Result "0-1"]
[WhiteElo "2011"]
[BlackElo "2145"]
[WhiteFideId "1021168"]
[BlackFideId "24177199"]
[EventDate "2013.12.21"]

1. Nf3 Nf6 2. g3 d5 3. Bg2 c6 4. O-O Bf5 5. d4 e6 6. b3 h6 7. c4 Nbd7 8. Bb2 Qc7
9. Nbd2 Bd6 10. Rc1 O-O 11. Ne1 Bh7 12. Nd3 Rac8 13. Nf3 Bxd3 14. Qxd3 Qb8 15.
Nd2 Rfd8 16. e4 dxe4 17. Nxe4 Nxe4 18. Qxe4 e5 19. Bh3 exd4 20. Bxd7 Rxd7 21.
Qxd4 f6 22. c5 Be5 23. Qxd7 Bxb2 24. Rc2 Be5 25. Rd1 Qc7 26. Qe6+ Kh8 27. f4 Rd8
28. Re1 Qa5 29. Rce2 Qxc5+ 30. Kg2 Bc3 31. Rc1 Qa5 32. Qc4 Bb4 33. Qf7 Kh7 34.
Qe6 Kh8 35. Qe4 Qb5 36. Rc4 a5 37. a4 Qb6 38. Qg6 Bf8 39. Qc2 Qc7 40. Rce4 Qf7
41. Qc4 Qd7 42. Qe6 Bb4 43. Qxd7 Rxd7 44. f5 Kg8 45. Kf3 Kf7 46. g4 Bc5 47. Rc2
Bb4 48. Ke3 Rd5 49. Rcc4 Bc5+ 50. Ke2 Kf8 51. Rc3 Bb4 52. Rd3 Rxd3 53. Kxd3 Kf7
54. Re2 Kf8 55. Ke4 Ke8 56. h4 Be7 57. Kd4 Kd7 58. Kc4 Kd8 59. Rd2+ Kc7 60. Re2
Kd8 61. Re6 Kd7 62. Kd4 Kd8 63. Re2 Kd7 64. Ke4 Kd8 65. Rd2+ Kc7 66. Rd1 Kc8 67.
g5 fxg5 68. hxg5 Bxg5 69. Ke5 Bf6+ 70. Ke6 h5 71. Rd7 h4 72. Rf7 Kb8 73. Kd6 Ka7
74. Rf8 Kb6 75. Rh8 Bg5 76. Rh5 Bf6 77. Rh7 Ka6 78. Rh8 Kb6 79. Rh7 Ka6 80. Kc5
Be7+ 81. Kc4 Bf6 82. Rh8 Kb6 83. Re8 Ba1 84. Re4 Bf6 85. Rg4 Ka6 86. Re4 Kb6 87.
Re6 Ba1 88. b4 axb4 89. Kxb4 Bf6 90. Re8 Kc7 91. a5 Bg5 92. Kc4 Bf6 93. Kc5 Bg5
94. Re2 Bf6 95. Re8 Bg5 96. Rh8 Bf6 97. Ra8 Bd8 98. a6 Be7+ 99. Kc4 bxa6 100.
Rxa6 Kd6 101. Ra7 Bf6 102. Ra3 Ke5 103. Ra6 Kxf5 104. Rxc6 h3 105. Kd3 h2 106.
Rc1 Kg4 107. Ke2 Kg3 108. Rf1 Bd4 0-1

[Event "51st Groningen Open A 2013"]
[Site "Groningen NED"]
[Date "2013.12.22"]
[Round "2.51"]
[White "Mollema, Thomas"]
[Black "Go, Benjamin"]
[Result "1/2-1/2"]
[WhiteElo "1977"]
[BlackElo "2140"]
[WhiteFideId "1034987"]
[BlackFideId "1014560"]
[EventDate "2013.12.21"]

1. e4 d6 2. d4 Nf6 3. Nc3 g6 4. g3 Bg7 5. Bg2 c6 6. Nge2 Qc7 7. h3 Nbd7 8. Be3
b5 9. f4 Nb6 10. b3 Bb7 11. Qd2 Rd8 12. O-O b4 13. Nd1 c5 14. Nf2 O-O 15. c4
bxc3 16. Qxc3 Ba6 17. Rfe1 Rc8 18. Rac1 Bxe2 19. Rxe2 Qd7 20. Qe1 cxd4 21. Bxd4
Nh5 22. Bxg7 Kxg7 23. Kh2 e5 24. fxe5 dxe5 25. Ng4 Qe7 26. Rec2 Qg5 27. Rxc8
Nxc8 28. Rc5 Re8 29. Qc3 Nd6 30. Rxe5 Rxe5 31. Qxe5+ Qxe5 32. Nxe5 Nf6 33. Nc6
Nfxe4 34. Nxa7 f5 35. a4 Kf6 36. b4 Ke5 37. a5 Kd4 38. b5 Kc5 39. b6 Nb7 40. g4 1/2-1/2

[Event "51st Groningen Open A 2013"]
[Site "Groningen NED"]
[Date "2013.12.23"]
[Round "3.5"]
[White "Michalik, Peter"]
[Black "Kohlweyer, Bernd"]
[Result "1-0"]
[WhiteTitle "GM"]
[BlackTitle "IM"]
[WhiteElo "2577"]
[BlackElo "2431"]
[WhiteFideId "14907526"]
[BlackFideId "4600622"]
[EventDate "2013.12.21"]

1. c4 e6 2. Nc3 Nf6 3. e4 d5 4. e5 d4 5. exf6 dxc3 6. bxc3 Qxf6 7. Nf3 e5 8. d4
exd4 9. Bg5 Qe6+ 10. Be2 Be7 11. Bxe7 Qxe7 12. cxd4 O-O 13. O-O Nc6 14. d5 Ne5
15. Nxe5 Qxe5 16. Bf3 b6 17. d6 Rb8 18. d7 Ba6 19. Qa4 Qa5 20. Qc6 Qc5 21. Rfe1
Qxc6 22. Bxc6 Bxc4 23. Re8 Rd8 24. a4 Be6 25. Rd1 Bxd7 26. Rxd8 Rxd8 27. Rxd7
Rxd7 28. Bxd7 Kf8 29. Kf1 Ke7 30. Bf5 h6 31. Ke2 Kd6 32. Kd3 Kc5 33. Kc3 c6 34.
Bc2 a6 35. Bf5 b5 36. a5 b4+ 37. Kb3 Kb5 38. Bc2 c5 39. Bd3+ Kxa5 40. Bc4 f6 41.
f4 1-0

[Event "51st Groningen Open A 2013"]
[Site "Groningen NED"]
[Date "2013.12.23"]
[Round "3.7"]
[White "Zakhartsov, Vladimir"]
[Black "Bok, Benjamin"]
[Result "0-1"]
[BlackTitle "IM"]
[WhiteElo "2358"]
[BlackElo "2540"]
[WhiteFideId "4145097"]
[BlackFideId "1017063"]
[EventDate "2013.12.21"]

1. e4 e5 2. Nf3 Nc6 3. Bb5 Nge7 4. O-O g6 5. d4 exd4 6. c3 Bg7 7. cxd4 a6 8. Bc4
O-O 9. Nc3 d6 10. h3 b5 11. Bb3 Na5 12. Bc2 Bb7 13. Bg5 h6 14. Bf4 Nc4 15. b3
Na3 16. Bd3 b4 17. Bc1 c5 18. Bxa3 bxa3 19. Ne2 Qb6 20. Qc1 Nc6 21. Qxa3 Nb4 22.
Rad1 Nxd3 23. Rxd3 Bxe4 24. dxc5 dxc5 25. Re3 Rfe8 26. Nd2 Bb7 27. Nc4 Qc6 28.
Nf4 Qc7 29. Ne2 h5 30. Qa4 Rxe3 31. Nxe3 Rd8 32. Qc4 Qc6 33. Rc1 Rd2 34. Rc2
Rd1+ 35. Kh2 Qd6+ 36. Ng3 Ra1 37. Qxc5 Qxc5 38. Rxc5 h4 39. Ngf1 Rxa2 40. Rc2
Ra3 41. Nd2 Be5+ 42. Kg1 Ra1+ 43. Nef1 Bf6 44. Rc4 Bd5 45. Rb4 Bc3 46. Rb8+ Kg7
47. Rd8 Be6 48. Ne4 Bb4 49. Rb8 a5 0-1

[Event "51st Groningen Open A 2013"]
[Site "Groningen NED"]
[Date "2013.12.23"]
[Round "3.8"]
[White "Pruijssers, Roeland"]
[Black "Peng, Zhaoqin"]
[Result "1/2-1/2"]
[WhiteTitle "GM"]
[BlackTitle "GM"]
[WhiteElo "2539"]
[BlackElo "2369"]
[WhiteFideId "1013068"]
[BlackFideId "1004786"]
[EventDate "2013.12.21"]

1. e4 e6 2. d4 d5 3. Nc3 Nf6 4. e5 Nfd7 5. f4 c5 6. Nf3 Nc6 7. Be3 cxd4 8. Nxd4
Bc5 9. Qd2 Nxd4 10. Bxd4 Bxd4 11. Qxd4 Qb6 12. Qxb6 Nxb6 13. Nb5 Ke7 14. O-O-O
Bd7 15. Nd4 a6 16. h4 h5 17. b3 Nc8 18. Rh3 Na7 19. Re3 Nc6 20. Nf3 Rac8 21. Kb2
Rc7 22. Be2 Rhc8 23. Rd2 Na7 24. Ng5 g6 25. Bf3 b5 26. a3 a5 27. Bd1 b4 28. a4
Rc3 29. Rdd3 R3c5 30. Rd2 Rc3 31. Red3 R8c7 32. g4 hxg4 33. Bxg4 Nc6 34. h5 gxh5
35. Bxh5 Rxd3 36. Rxd3 f6 37. exf6+ Kxf6 38. Bg4 e5 39. Bxd7 1/2-1/2

[Event "51st Groningen Open A 2013"]
[Site "Groningen NED"]
[Date "2013.12.23"]
[Round "3.9"]
[White "Romanov, Evgeny"]
[Black "Garcia Palermo, Carlos"]
[Result "1-0"]
[WhiteTitle "GM"]
[BlackTitle "GM"]
[WhiteElo "2654"]
[BlackElo "2450"]
[WhiteFideId "4148843"]
[BlackFideId "110124"]
[EventDate "2013.12.21"]

1. Nf3 Nf6 2. c4 e6 3. g3 d5 4. Bg2 Be7 5. O-O O-O 6. d4 dxc4 7. Ne5 Qd6 8. Na3
Qa6 9. Naxc4 Rd8 10. b4 Nc6 11. Nxc6 bxc6 12. Na5 Nd5 13. Bd2 Bxb4 14. Nb3 Nc3
15. Bxc3 Bxc3 16. Rc1 Ba5 17. Nc5 Qb6 18. Rb1 Bb4 19. Nd3 Rxd4 20. a3 a5 21.
axb4 axb4 22. Qc2 Ba6 23. Ne5 Bb5 24. Bxc6 Bxc6 25. Nxc6 1-0

[Event "51st Groningen Open A 2013"]
[Site "Groningen NED"]
[Date "2013.12.23"]
[Round "3.10"]
[White "Kovchan, Alexander"]
[Black "Willemze, Thomas"]
[Result "1-0"]
[WhiteTitle "GM"]
[BlackTitle "IM"]
[WhiteElo "2562"]
[BlackElo "2421"]
[WhiteFideId "14103052"]
[BlackFideId "1007238"]
[EventDate "2013.12.21"]

1. e4 e6 2. d4 d5 3. Nc3 Bb4 4. e5 c5 5. a3 Bxc3+ 6. bxc3 Ne7 7. Qg4 cxd4 8.
Qxg7 Rg8 9. Qxh7 Qc7 10. Ne2 dxc3 11. f4 Nbc6 12. Qd3 d4 13. Nxd4 Nxd4 14. Qxd4
Bd7 15. Rg1 Nf5 16. Qf2 Qc6 17. g4 Qe4+ 18. Qe2 Qd4 19. Rg2 Nh4 20. Rg3 Bc6 21.
Rb1 O-O-O 22. Rb4 Qd5 23. Rc4 Kb8 24. Rcxc3 Qh1 25. h3 Rd7 26. Qf2 Rgd8 27. Rgd3
Rxd3 28. Rxd3 Rxd3 29. cxd3 Nf3+ 30. Ke2 Ng1+ 31. Kd2 Nf3+ 32. Kc2 Ng1 33. Be3
Ba4+ 34. Kd2 Nf3+ 35. Ke2 Bc2 36. Qg2 Bxd3+ 37. Kxf3 Qxf1+ 38. Qxf1 Bxf1 39. h4
Bd3 40. h5 Bh7 41. Kg3 1-0

[Event "51st Groningen Open A 2013"]
[Site "Groningen NED"]
[Date "2013.12.23"]
[Round "3.11"]
[White "Olsarova, Tereza"]
[Black "Klein, David"]
[Result "0-1"]
[WhiteTitle "WIM"]
[BlackTitle "IM"]
[WhiteElo "2260"]
[BlackElo "2491"]
[WhiteFideId "325449"]
[BlackFideId "1003623"]
[EventDate "2013.12.21"]

1. e4 c5 2. Nf3 d6 3. d4 cxd4 4. Nxd4 Nf6 5. Nc3 a6 6. Be2 g6 7. O-O Bg7 8. Be3
O-O 9. Kh1 Nc6 10. Nb3 b5 11. a4 b4 12. Nd5 Nd7 13. c3 bxc3 14. Nxc3 Rb8 15. Rc1
Bb7 16. Nd4 Nc5 17. Bc4 Ne5 18. Bd5 Bxd5 19. Nxd5 e6 20. f4 exd5 21. fxe5 Nxe4
22. Nc6 Qh4 23. Rf4 Qxf4 24. Bxf4 Nf2+ 25. Kg1 Nxd1 26. exd6 Nxb2 27. d7 Rb7 28.
d8=Q Rxd8 29. Nxd8 Rd7 30. Rc8 Bd4+ 31. Kf1 Kg7 32. Nc6 Nd3 33. Nxd4 Nxf4 34.
Rc6 Rb7 35. g3 Rb4 36. Nf3 Rb1+ 37. Kf2 Nd3+ 38. Ke2 Nb4 39. Rc7 Rb2+ 40. Ke3
Rb3+ 41. Ke2 Kf6 42. g4 Rb2+ 43. Ke3 Rb3+ 44. Ke2 g5 45. Rb7 Rb2+ 46. Nd2 Nd3 0-1

[Event "51st Groningen Open A 2013"]
[Site "Groningen NED"]
[Date "2013.12.23"]
[Round "3.12"]
[White "Burg, Twan"]
[Black "De Jong, Migchiel"]
[Result "1/2-1/2"]
[WhiteTitle "IM"]
[BlackTitle "IM"]
[WhiteElo "2490"]
[BlackElo "2347"]
[WhiteFideId "1010697"]
[BlackFideId "1002848"]
[EventDate "2013.12.21"]

1. e4 e6 2. d4 d5 3. Nc3 Bb4 4. a3 Bxc3+ 5. bxc3 Ne7 6. Bd3 b6 7. exd5 Qxd5 8.
f3 Qa5 9. Bd2 Ba6 10. c4 Qa4 11. Rb1 Nbc6 12. Ne2 Bxc4 13. Nc3 Qa6 14. Nb5 Bxb5
15. Bxb5 Qb7 16. Bb4 1/2-1/2

[Event "51st Groningen Open A 2013"]
[Site "Groningen NED"]
[Date "2013.12.23"]
[Round "3.13"]
[White "Svane, Rasmus"]
[Black "Pel, Bonno"]
[Result "1-0"]
[WhiteTitle "IM"]
[BlackTitle "FM"]
[WhiteElo "2472"]
[BlackElo "2313"]
[WhiteFideId "4657101"]
[BlackFideId "1004760"]
[EventDate "2013.12.21"]

1. d4 d6 2. Nf3 g6 3. c4 Bg7 4. Nc3 e5 5. e4 Nc6 6. Bg5 f6 7. Be3 Nh6 8. dxe5
dxe5 9. Qxd8+ Kxd8 10. Rd1+ Bd7 11. Nd5 Nf7 12. c5 Kc8 13. Bc4 Nfd8 14. b4 Re8
15. O-O Ne6 16. b5 Ncd4 17. Nxd4 exd4 18. c6 bxc6 19. bxc6 Bxc6 20. Bxd4 Nxd4
21. Ba6+ Bb7 22. Bxb7+ Kxb7 23. Rxd4 c5 24. Rb1+ Kc6 25. Ra4 Kd6 26. Ra6+ Ke5
27. Nc7 Rab8 28. f4+ Kxf4 29. Rf1+ Ke5 30. Nxe8 Rxe8 31. Rxa7 Bh6 32. Kf2 Bd2
33. Ke2 Bg5 34. Kd3 h5 35. a4 Rd8+ 36. Kc3 Rd4 37. Rf2 Be3 38. Re2 Bg1 39. Ra2
Rb4 40. a5 Kxe4 41. Ra8 Bxh2 42. a6 Be5+ 43. Kd2 Bb8 44. a7 Bxa7 45. R8xa7 Rd4+
46. Ke2 g5 47. Rc7 Rc4 48. Kf2 h4 49. Re7+ Kf4 50. Ree2 g4 51. Rec2 g3+ 52. Kg1
Rd4 53. Ra1 f5 54. Rac1 Kg4 55. Rc4 h3 56. gxh3+ Kxh3 57. Rxd4 cxd4 58. Rd1 f4
59. Rxd4 1-0

[Event "51st Groningen Open A 2013"]
[Site "Groningen NED"]
[Date "2013.12.23"]
[Round "3.14"]
[White "Cernousek, Lukas"]
[Black "Efroimski, Marsel"]
[Result "1-0"]
[WhiteTitle "IM"]
[BlackTitle "WIM"]
[WhiteElo "2455"]
[BlackElo "2307"]
[WhiteFideId "311707"]
[BlackFideId "2810964"]
[EventDate "2013.12.21"]

1. d4 Nf6 2. c4 g6 3. g3 d5 4. cxd5 Nxd5 5. Bg2 Nb6 6. Nc3 Bg7 7. Nf3 Nc6 8. e3
O-O 9. O-O e5 10. d5 Ne7 11. e4 Bg4 12. h3 Bxf3 13. Qxf3 c6 14. Rd1 cxd5 15.
exd5 Nf5 16. d6 Rb8 17. Qd3 Qd7 18. b3 Nd4 19. Ba3 Rfc8 20. Rac1 f5 21. Qe3 Bf6
22. Rd2 Qg7 23. Rcd1 Re8 24. Ne2 Ne6 25. d7 Red8 26. Bd6 e4 27. Bxb8 Rxb8 28.
Nf4 Nd8 29. f3 Qe7 30. fxe4 Nc6 31. Nd5 Nxd5 32. Rxd5 Rd8 33. Qe1 Nb4 34. Rd6
Nc2 35. Qd2 Be5 36. Qd5+ Kf8 37. Re6 Qg5 38. Re8+ 1-0

[Event "51st Groningen Open A 2013"]
[Site "Groningen NED"]
[Date "2013.12.23"]
[Round "3.15"]
[White "De Groot, Hendrik"]
[Black "Donchenko, Alexander"]
[Result "0-1"]
[BlackTitle "IM"]
[WhiteElo "2063"]
[BlackElo "2455"]
[WhiteFideId "1037021"]
[BlackFideId "24603295"]
[EventDate "2013.12.21"]

1. Nf3 c5 2. g3 Nc6 3. Bg2 g6 4. O-O Bg7 5. e4 d6 6. d3 e5 7. Nc3 Nge7 8. Nh4
O-O 9. f4 exf4 10. Bxf4 h6 11. Nf3 Be6 12. Nb5 a6 13. Nc3 b5 14. Qd2 b4 15. Nd1
Kh7 16. c3 bxc3 17. bxc3 d5 18. e5 Qd7 19. d4 cxd4 20. cxd4 g5 21. Bxg5 hxg5 22.
Nxg5+ Kg8 23. Qe2 Bg4 24. Qd2 f6 25. exf6 Bxf6 26. Nf2 Bxd4 27. Kh1 Bxa1 28.
Rxa1 Qf5 29. Nxg4 Qxg4 30. Re1 Rf5 31. Ne6 Re5 32. Nc7 Qd4 33. Qc1 Rc8 34. Ne6
Rxe1+ 35. Qxe1 Qe4 0-1

[Event "51st Groningen Open A 2013"]
[Site "Groningen NED"]
[Date "2013.12.23"]
[Round "3.16"]
[White "Klapwijk, Bram"]
[Black "Ernst, Sipke"]
[Result "0-1"]
[BlackTitle "GM"]
[WhiteElo "2039"]
[BlackElo "2566"]
[WhiteFideId "1009133"]
[BlackFideId "1004689"]
[EventDate "2013.12.21"]

1. e4 c5 2. Nf3 a6 3. c4 e6 4. Nc3 d6 5. d4 cxd4 6. Nxd4 Nf6 7. Be2 b6 8. Be3
Bb7 9. f3 Nbd7 10. Qd2 Be7 11. O-O O-O 12. Rac1 Rc8 13. b3 Re8 14. Bd3 Qc7 15.
Bb1 Qb8 16. Qf2 Bd8 17. Nce2 h5 18. Kh1 Ba8 19. Qg3 Nf8 20. Bf4 Bc7 21. Qh3 b5
22. cxb5 axb5 23. Bd3 b4 24. Nb5 e5 25. Bg5 N8h7 26. Bd2 Ba5 27. Be3 d5 28. Ba7
Rxc1 29. Rxc1 Qd8 30. exd5 Qxd5 31. Bc4 Qd2 32. Bc5 Rd8 33. Rf1 Bc6 34. Qh4 Bd5
35. Bxd5 Rxd5 36. Qc4 Rxc5 37. Qxc5 Qxe2 38. Rc1 e4 39. Nd4 Qd2 40. fxe4 Nxe4
41. Nf3 Qh6 42. Qc8+ Nf8 43. Re1 Nf2+ 44. Kg1 Bb6 45. Rf1 Qd6 46. Qc2 Ng4+ 0-1

[Event "51st Groningen Open A 2013"]
[Site "Groningen NED"]
[Date "2013.12.23"]
[Round "3.16"]
[White "Zakhartsov, Viacheslav V."]
[Black "Heemskerk, Wim"]
[Result "1-0"]
[WhiteTitle "GM"]
[BlackTitle "FM"]
[WhiteElo "2555"]
[BlackElo "2240"]
[WhiteFideId "4115333"]
[BlackFideId "1001000"]
[EventDate "2013.12.21"]

1. d4 e6 2. c4 d5 3. Nc3 Be7 4. Nf3 Nf6 5. Qc2 O-O 6. cxd5 exd5 7. Bg5 g6 8. e3
Bf5 9. Qb3 Nbd7 10. Be2 c6 11. Qxb7 Rb8 12. Qxc6 Rxb2 13. Rc1 Qa5 14. Kf1 Rfb8
15. Ne1 R8b6 16. Qa4 Qxa4 17. Nxa4 Rb1 18. Rxb1 Rxb1 19. g4 Bb4 20. Kg2 Nxg4 21.
Bxg4 Bxg4 22. Nd3 Rxh1 23. Kxh1 Bf3+ 24. Kg1 Bd2 25. Be7 f6 26. Bb4 Be4 27. Nab2
Bxb4 28. Nxb4 Kf7 29. Kf1 Bf3 30. Nc6 a6 31. Na4 Ke6 32. Nb4 Kd6 33. Nxa6 Kc6
34. Nc3 Nb6 35. Nb4+ Kd6 36. a4 Nc4 37. Nb5+ Kd7 38. Ke1 g5 39. Nc3 Kd6 40. Nd3
Kc6 41. Nc5 h5 42. Nb3 Bg4 43. Nd2 Na5 44. e4 Be6 45. Ke2 f5 46. e5 f4 47. Na2
Kb6 48. Nb4 h4 49. Nf3 Nb3 50. Nxg5 Bf5 51. Nxd5+ Ka5 52. Kf3 Nxd4+ 53. Kxf4
Kxa4 54. Nf3 1-0

[Event "51st Groningen Open A 2013"]
[Site "Groningen NED"]
[Date "2013.12.23"]
[Round "3.19"]
[White "Goudriaan, Etienne"]
[Black "Schippers, Maurice"]
[Result "0-1"]
[WhiteTitle "FM"]
[WhiteElo "2429"]
[BlackElo "2216"]
[WhiteFideId "1021150"]
[BlackFideId "1004735"]
[EventDate "2013.12.21"]

1. d4 e6 2. c4 d5 3. Nc3 Nf6 4. cxd5 exd5 5. Bg5 Be7 6. e3 O-O 7. Bd3 c6 8. Nge2
Re8 9. Qc2 h6 10. Bf4 Na6 11. a3 Nc7 12. O-O Bd6 13. b4 Ne6 14. Bxd6 Qxd6 15.
Ng3 Ng4 16. Rae1 a5 17. bxa5 Qxa3 18. f3 Nf6 19. Ra1 Qd6 20. Nce2 c5 21. Nf5 Qf8
22. Qb2 c4 23. Bc2 Nd8 24. Qc3 Nc6 25. Rfb1 Ra6 26. Nfg3 h5 27. Nf1 Qe7 28. h3
Qc7 29. Rb5 Bd7 30. e4 dxe4 31. fxe4 Nxe4 32. Bxe4 Rxe4 33. Qxc4 Rxe2 34. d5 Re5
35. Rab1 Qd6 36. dxc6 Bxc6 37. Rxe5 Qxe5 38. Rd1 Qg5 39. Rd2 Rxa5 40. Rf2 Rf5
41. Qc2 Rxf2 42. Qxf2 g6 43. Ne3 b5 44. h4 Qe5 45. Qd2 Kg7 46. Kh1 Qf6 47. Qb4
Qa1+ 48. Kh2 Qe5+ 0-1

[Event "51st Groningen Open A 2013"]
[Site "Groningen NED"]
[Date "2013.12.23"]
[Round "3.22"]
[White "Offringa, Joost"]
[Black "Hendriks, Willy"]
[Result "0-1"]
[BlackTitle "IM"]
[WhiteElo "2178"]
[BlackElo "2396"]
[WhiteFideId "1025880"]
[BlackFideId "1000713"]
[EventDate "2013.12.21"]

1. e4 d6 2. d4 Nf6 3. Nc3 g6 4. f4 Bg7 5. Nf3 O-O 6. Bd3 Na6 7. O-O c5 8. d5 Bg4
9. h3 Bxf3 10. Rxf3 Nc7 11. a4 e6 12. dxe6 Nxe6 13. Be3 Re8 14. Bb5 Nd4 15. Bxd4
cxd4 16. Qxd4 Nxe4 17. Qd3 Nc5 18. Qd5 Re6 19. Rd1 Bxc3 20. bxc3 Qe7 21. Kh2 Rd8
22. Bc4 Rd7 23. Qd2 Re4 24. Bd5 Rxa4 25. f5 Ne4 26. Qh6 Qg5 27. Qxg5 Nxg5 28.
Rff1 Ne4 29. Rde1 gxf5 30. Rxf5 Nxc3 31. Bb3 Re4 32. Ref1 d5 33. R1f3 Rc7 34.
Bxd5 Nxd5 35. Rxd5 Re6 36. c3 Rec6 37. Rg3+ Rg6 38. Re3 Kg7 39. h4 h6 40. Kh3 b6
41. h5 Rgc6 42. Rdd3 Rc4 43. g4 R7c5 44. Rf3 Rc7 45. Kh4 a5 46. Rd6 R4c6 47.
Rff6 Rxd6 48. Rxd6 Rxc3 49. Rxb6 a4 50. Ra6 a3 51. Ra7 Rf3 52. Ra6 f6 53. Ra7+
Kf8 54. Rh7 Kg8 55. Ra7 Rb3 56. Ra8+ Kf7 57. Ra6 Ke7 58. Rc6 Rf3 59. Ra6 Kd7 60.
g5 hxg5+ 61. Kg4 Rf4+ 62. Kg3 Ke7 63. Rxa3 Rh4 64. Ra7+ Kf8 65. Rh7 Kg8 66. Rh6
Kg7 67. Rg6+ Kf7 68. Rh6 Ra4 69. Rh7+ Ke6 70. Rb7 Rh4 71. Rh7 Kf5 72. Rh8 Rg4+
73. Kf3 Ra4 74. Rg8 Rh4 75. Rh8 g4+ 76. Kg3 Rh3+ 77. Kg2 Kg5 78. Rg8+ Kxh5 79.
Kf2 Ra3 0-1

[Event "51st Groningen Open A 2013"]
[Site "Groningen NED"]
[Date "2013.12.23"]
[Round "3.23"]
[White "Chytilek, Roman"]
[Black "Schoehuijs, Erik"]
[Result "1-0"]
[WhiteTitle "IM"]
[WhiteElo "2374"]
[BlackElo "2180"]
[WhiteFideId "304980"]
[BlackFideId "1004425"]
[EventDate "2013.12.21"]

1. d4 Nf6 2. c4 g6 3. Nc3 Bg7 4. e4 d6 5. h3 O-O 6. Bg5 Nbd7 7. Nf3 e5 8. d5 a5
9. a3 Nc5 10. Nd2 a4 11. Qf3 h6 12. Bh4 g5 13. Bg3 Nh7 14. Qe3 f5 15. exf5 Bxf5
16. Nce4 Nxe4 17. Nxe4 Bxe4 18. Qxe4 Nf6 19. Qg6 c6 20. Be2 Qa5+ 21. Kf1 Qd2 22.
h4 cxd5 23. hxg5 Ne4 24. gxh6 1-0

[Event "51st Groningen Open A 2013"]
[Site "Groningen NED"]
[Date "2013.12.23"]
[Round "3.24"]
[White "Hoeksema, Hendrik Pieter"]
[Black "Van Osch, Mees"]
[Result "1/2-1/2"]
[WhiteTitle "IM"]
[WhiteElo "2369"]
[BlackElo "2139"]
[WhiteFideId "1000454"]
[BlackFideId "1035967"]
[EventDate "2013.12.21"]

1. d4 Nf6 2. c4 c5 3. d5 b5 4. Nf3 Bb7 5. a4 Qa5+ 6. Bd2 b4 7. Qc2 g6 8. e4 d6
9. Bd3 Bg7 10. O-O O-O 11. h3 Qc7 12. Be3 Nbd7 13. Nbd2 e5 14. g4 Kh8 15. Rfe1
Ng8 16. Nf1 f6 17. Qd2 Rf7 18. Ng3 Raf8 19. Kg2 Bc8 20. Rg1 Nb6 21. Ra2 Bd7 22.
b3 Nc8 23. Nh2 Nce7 24. f4 f5 25. exf5 gxf5 26. Nh5 exf4 27. Bxf4 Bc3 28. Qc1
Ng6 29. g5 N8e7 30. Nf3 Nxf4+ 31. Nxf4 Ng6 32. Nxg6+ hxg6 33. Re2 Re8 34. Rxe8+
Bxe8 35. Rf1 Qe7 36. Rf2 Qf8 37. Qf4 Kg8 38. Kf1 Re7 39. Re2 1/2-1/2

[Event "51st Groningen Open A 2013"]
[Site "Groningen NED"]
[Date "2013.12.23"]
[Round "3.25"]
[White "Beerdsen, Thomas"]
[Black "Berkovich, Mark A"]
[Result "1-0"]
[BlackTitle "IM"]
[WhiteElo "2154"]
[BlackElo "2366"]
[WhiteFideId "1030108"]
[BlackFideId "2801639"]
[EventDate "2013.12.21"]

1. e4 c6 2. d4 d5 3. f3 e5 4. dxe5 Bc5 5. Nc3 Ne7 6. Na4 Qa5+ 7. c3 Bxg1 8. Rxg1
dxe4 9. fxe4 O-O 10. Be3 Rd8 11. Bb6 1-0

[Event "51st Groningen Open A 2013"]
[Site "Groningen NED"]
[Date "2013.12.23"]
[Round "3.26"]
[White "Pijpers, Arthur"]
[Black "Vos, Tjark"]
[Result "1-0"]
[WhiteElo "2366"]
[BlackElo "2085"]
[WhiteFideId "1019554"]
[BlackFideId "1020870"]
[EventDate "2013.12.21"]

1. e4 e6 2. d4 d5 3. Nc3 Bb4 4. a3 Bxc3+ 5. bxc3 dxe4 6. Qg4 Nf6 7. Qxg7 Rg8 8.
Qh6 b6 9. Bg5 Nbd7 10. Bb5 Rg6 11. Qh4 Bb7 12. Bxd7+ Kxd7 13. Ne2 h6 14. Bxh6
Rxg2 15. Bg5 e3 16. Rf1 Qg8 17. Bxf6 Qg6 18. d5 Qxc2 19. dxe6+ fxe6 20. Rd1+ Ke8
21. Qh8+ Kf7 22. Rd7+ 1-0

[Event "51st Groningen Open A 2013"]
[Site "Groningen NED"]
[Date "2013.12.23"]
[Round "3.27"]
[White "Chernukhin, Alexander"]
[Black "Estremera Panos, Sergio"]
[Result "1/2-1/2"]
[BlackTitle "IM"]
[WhiteElo "2145"]
[BlackElo "2365"]
[WhiteFideId "24177199"]
[BlackFideId "2200864"]
[EventDate "2013.12.21"]

1. c4 c5 2. Nf3 Nc6 3. Nc3 g6 4. d4 cxd4 5. Nxd4 Bg7 6. Nc2 Bxc3+ 7. bxc3 Qa5 8.
Bb2 d6 9. e3 Bd7 10. Be2 Rc8 11. Nd4 Nf6 12. Nb3 Qb6 13. O-O Na5 14. c5 dxc5 15.
Nxa5 Qxa5 16. c4 Ba4 17. Qb1 Bc6 18. Bxf6 exf6 19. Qb2 Qd8 20. Bg4 Rc7 21. Rad1
Qe7 22. Bf3 Bxf3 23. gxf3 O-O 24. Rd5 Rd8 25. Rfd1 Rxd5 26. Rxd5 Rd7 27. Rxd7
Qxd7 28. Qxf6 b5 29. Qe5 bxc4 30. Qb8+ Kg7 31. Qe5+ Kg8 32. Qb8+ Kg7 33. Qe5+ 1/2-1/2